000
00290nam a2200133Ia 4500
100
_a
Elwood/ Buffa
942
_c
BK
654
_a
Management
245
_a
Modern production management
260
_b
Wiley Eastern University
_c
2001
082
_a
658.5
300
_a
795
546
_a
ENGLISH
999
_c
27288
_d
27288